| 000 | 00522nam a22001577a 4500 | ||
|---|---|---|---|
| 082 | _a658 | ||
| 100 | _aZahra, Tehreem | ||
| 245 |
_aThe Importance of Employee Involvement in Performance Appraisal and the Procedural Justice of Performance Appraisal _cTehreem Zahra. |
||
| 260 |
_aIslamabad: _bNBS - NUST, _c2016. |
||
| 300 |
_a47 p.: ill.; _c25cm. |
||
| 650 |
_aMBA Thesis. _917629 |
||
| 700 |
_aAsad Amjad. _917926 |
||
| 942 |
_2ddc _cTHE |
||
| 999 |
_c527886 _d527886 |
||